000 00327 a2200133 4500
000 nam a22 7a 4500
100 _aPatil, D A
110 _aPatil, D A
245 _aObjective Botany: MCQ's
250 _aLatest edition
260 _bScientific Publishers
_c2024
264 _bScientific Publishers
_c2024
942 _cBK
999 _c396021
_d396021